00385cam a22001572 4500001001100000005001700011008004100028020001500069040001500084245002900099250001300128260003400141300001800175650003100193852000300224000002079220151217145927.0111017s xx 000 0 eng d a0415566742 aKABUcKABU10aJurisprudence 2010-2011. a6th ed. aNew york :bRoutledge,c2010. axiii, 169 p. 0aJurisprudence.@00001532821